Here erred Einstein
This book contains a dialogue between a physicist and a philosopher on that issue. The dialogue is strongly contextualized with respect to the main players in physics during the first 60 years of the 20th century, and to the prevailing political conditions in Western Europe and the USA. It was galva...
Guardat en:
| Autor principal: | |
|---|---|
| Format: | Llibre |
| Idioma: | Undetermined |
| Publicat: |
Singapore
World Scientific
2001
|
| Matèries: | |
| Etiquetes: |
Afegir etiqueta
Sense etiquetes, Sigues el primer a etiquetar aquest registre!
|
| Thư viện lưu trữ: | Trung tâm Học liệu Trường Đại học Cần Thơ |
|---|
| LEADER | 01249nam a2200205Ia 4500 | ||
|---|---|---|---|
| 001 | CTU_211448 | ||
| 008 | 210402s9999 xx 000 0 und d | ||
| 020 | |c 1.08 | ||
| 082 | |a 530.12 | ||
| 082 | |b S168 | ||
| 100 | |a Sallhofer, Hans | ||
| 245 | 0 | |a Here erred Einstein | |
| 245 | 0 | |c Hans Sallhofer, Dennis Radharose | |
| 260 | |a Singapore | ||
| 260 | |b World Scientific | ||
| 260 | |c 2001 | ||
| 520 | |a This book contains a dialogue between a physicist and a philosopher on that issue. The dialogue is strongly contextualized with respect to the main players in physics during the first 60 years of the 20th century, and to the prevailing political conditions in Western Europe and the USA. It was galvanized by the debate and the subsequent abandonment of the Superconducting Super Collider, and also affords a lively understanding of Greek epistemology. Questioned by the philosopher, the physicist provides an account of the directions taken by physicists and the roads not travelled, as well as his own understanding of the nature of matter. | ||
| 650 | |a Quantum theory,Relativity (Physics),Lý thuyết lượng tử,Tương đối (vật lý) | ||
| 904 | |i Qhieu | ||
| 980 | |a Trung tâm Học liệu Trường Đại học Cần Thơ | ||